书目信息 |
| 题名: |
法律问答四百题
|
|
| 作者: | 冯尔泰 著 | |
| 分册: | ||
| 出版信息: | 学林出版社 1984.2 |
|
| 页数: | 352页 | |
| 开本: | 19cm | |
| 丛书名: | ||
| 单 册: | ||
| 中图分类: | D9 | |
| 科图分类: | ||
| 主题词: | 法律 | |
| 电子资源: | ||
| ISBN: | ||
| 000 | 00495nam0 2200193 45 | |
| 001 | 0308271035 | |
| 005 | 20030827104331.1 | |
| 010 | @dRMB0.90 | |
| 100 | @a20030827d1984 km y0chiy0120 ea | |
| 101 | @achi | |
| 105 | @a z 000yy | |
| 200 | 1 | @a法律问答四百题@Afa lu wen da si bai ti@f冯尔泰等著@Ffeng er tai deng zhu |
| 210 | @c学林出版社@d1984.2 | |
| 215 | @a352页@c无图表@d19cm | |
| 606 | 0 | @a法律 |
| 690 | @aD9@v3 | |
| 701 | 0 | @a冯尔泰@4著 |
| 801 | @aCN@b@c20030827 | |
| 905 | @aBZT@dD9@e1 | |
| 法律问答四百题/冯尔泰等著.-学林出版社,1984.2 |
| 352页:无图表;19cm |
| ISBN :RMB0.90 |
| ● |
| 相关链接 |
|
|
|
正题名:法律问答四百题
索取号:D9/1
 
预约/预借
| 序号 | 登录号 | 条形码 | 馆藏地/架位号 | 状态 | 备注 |
| 1 | 1227 | 200509725 | 中心书库南/012架B面5层5列/ [索取号:D9/1] | 在馆 | |
| 2 | 1228 | 200509690 | 中心书库南/012架B面5层5列/ [索取号:D9/1] | 在馆 |